La orgía perpetua Flaubert y Madame Bovary / (Registro nro. 10752)

Detalles MARC
000 -LIDER
fixed length control field 01349cam a2200421 c 4500
001 - NÚMERO DE CONTROL
Identificador de número de control a50624
003 - IDENTIFICACDOR DE NÚMERO DE CONTROL
control field DO-SdBNP
005 - DATE AND TIME OF LATEST TRANSACTION
control field 20171121114559.0
007 - CAMPOS FIJOS DE DESCRIPCIÓN FÍSICA
fixed length control field a50624
008 - ELEMENTOS DE LONGITUD FIJA
fixed length control field 110610s2011 sp g |||| 000 e spa
015 ## - NÚMERO DENTRO DE LA BIBLIOGRAFÍA NACIONAL
National bibliography number
017 ## - NÚMERO DE REGISTRO DE DERECHOS DE AUTOR
Copyright or legal deposit number
Assigning agency
020 ## - ISBN
International Standard Book Number 9788466324755
035 ## - NÚMERO LOCAL
System control number
040 ## - FUENTE DE CATALOGACIÓN
Agencia que crea de manera original el registro BPMSU
Idioma de catalogación spa
Agencia que realiza la transcripción BPMSU
Convenciones de la despripción
080 ## - NÚMERO DE CLASIFICACIÓN DECIMAL UNIVERSAL
Universal Decimal Classification number
082 ## - NÚMERO DE CLASIFICACIÓN DECIMAL DE DEWEY
Classification number Pe864.44
Item number V297o
100 1# - ASIENTO PRINCIPAL -- NOMBRE PERSONAL
Nombre personal Vargas Llosa, Mario,
Fechas asociadas con el nombre 1936-
245 13 - MENCIÓN DE TITULO
Título La orgía perpetua Flaubert y Madame Bovary /
Subtítulo
Mención de responsabilidad Mario Vargas Llosa
250 ## - MENCIÓN DE EDICION
Mención de edición
260 ## - PUBLICACIÓN, DISTRIBUCIÓN, ETC. (PIE DE IMPRENTA)
Lugar de publicación, distribución, etc [Madrid] :
Nombre del editor, distribuidor, etc. Santillana,
Fecha de publicación, distribución, etc 2011
300 ## - DESCRIPCIÓN FÍSICA
Extensión 235 p.;
Dimensiones 19 cm
336 ## - CONTENT TYPE
Content type term Texto (visual)
337 ## - MEDIA TYPE
Media type term sin mediación
490 0# - MENCIÓN DE SERIES
Mención de serie Punto de lectura
-- Ensayo
Volume/sequential designation 4/22
500 ## - NOTA GENERAL
Nota general Incluye notas al pie de las páginas .
586 ## - AWARDS NOTE
Awards note Premio Nobel de Literatura 2010
600 17 - ENCABEZAMIENTO DE MATERIA--NOMBRE PERSONAL
Nombre personal FLAUBERT, GUSTAVE ,
Fechas asociadas con el nombre 1821-1880
Título de una obra MADAME BOVARY
Fuente del encabezado o término
Subdivisión temática general CRÍTICA E INTERPRETACIÓN
600 17 - ENCABEZAMIENTO DE MATERIA--NOMBRE PERSONAL
Nombre personal FLAUBERT, GUSTAVE ,
Fechas asociadas con el nombre 1821-1880
Título de una obra MADAME BOVARY
Subdivisión temática general HISTORIA Y CRÍTICA
650 ## - ENCABEZAMIENTO DE MATERIA--TEMÁTICO
Término temático o nombre geográfico como elemento de entrada ENSAYOS PERUANOS
650 ## - ENCABEZAMIENTO DE MATERIA--TEMÁTICO
Término temático o nombre geográfico como elemento de entrada LITERATURA PERUANA
650 ## - ENCABEZAMIENTO DE MATERIA--TEMÁTICO
Término temático o nombre geográfico como elemento de entrada NOVELA FRANCESA
Subdivisión temática general CRÍTICA E INTERPRETACIÓN
650 ## - ENCABEZAMIENTO DE MATERIA--TEMÁTICO
Término temático o nombre geográfico como elemento de entrada LITERATURA FRANCESA
Subdivisión temática general HISTORIA Y CRÍTICA
830 ## - ASIENTO SECUNDARIO DE SERIE--TÍTULO UNIFORME
Título uniforme Punto de lectura
Nombre de la parte o sección de una obra ensayo
Volume number/sequential designation 4/22
942 ## - ADDED ENTRY ELEMENTS (KOHA)
Source of classification or shelving scheme Dewey Decimal Classification
Koha item type Libros
945 ## - INFORMACIÓN DE PROCESAMIENTO LOCAL
Información de procesamiento local Inventariado extranjero / 2017 VM
956 ## - LOCAL ELECTRONIC LOCATION AND ACCESS (OCLC)
Nombre de host VMATEO
Número de acceso 10
Información de compresión 20160707
Trayectoria BPMSU
Nombre Electrónico 00069
Existencias
Withdrawn status Lost status Source of classification or shelving scheme Damaged status Not for loan Collection code Home library Current library Date acquired Source of acquisition Total Checkouts Full call number Barcode Date last seen Price effective from Koha item type Copy number
    Dewey Decimal Classification     Colección General Biblioteca Pública Metropolitana Salomé Ureña Biblioteca Pública Metropolitana Salomé Ureña 07/07/2016 ALFAGUARA   Pe864.44 V297o BPMSU16070206 07/07/2016 07/07/2016 Libros  
    Dewey Decimal Classification     Colección General Biblioteca Pública Metropolitana Salomé Ureña Biblioteca Pública Metropolitana Salomé Ureña 07/07/2016 ALFAGUARA   Pe864.44 V297o BPMSU16070207 07/07/2016 07/07/2016 Libros e. 2